| 000 | 00654nam a2200217Ia 4500 | ||
|---|---|---|---|
| 005 | 20250508164605.0 | ||
| 008 | 008 250505s9999 xx 000 0 eng d | ||
| 037 | _aTextual | ||
| 040 |
_aFEDL _beng _cFEDL |
||
| 041 |
_aeng _2eng |
||
| 084 |
_a363.7, NCE _qFEDL |
||
| 245 | 0 | _aTeacher's guide : Environmental studies class 1 | |
| 245 | 0 | _cNCERT | |
| 260 |
_aNew Delhi, India _bNational Council of Educational Research and Training _c1987 |
||
| 300 | _a51p. | ||
| 365 |
_aINR _b3.9 |
||
| 546 | _aAcc. Nos. 083616-617 are MACESE books | ||
| 650 | _aEnvironmental studies | ||
| 942 |
_cTEXL _h363.7, NCE |
||
| 999 |
_c1389990 _d1389990 |
||